Music Quiz

Random Music or Country Quiz

Who's Next? Quiz Stats

 Plays Quiz not verified by Sporcle

Also try: Selena vs Justin
Challenge
Share
Tweet
Embed
Score 0/11 Timer 04:00
0 Plays Today
Country % Correct
We Did!
95.9%
Russia
93.5%
China
91.1%
France
87.8%
Israel
83.7%
Egypt
75.6%
South Africa
65.9%
Alabama
58.5%
Indonesia
49.6%
Monaco
43.1%
Luxembourg
38.2%

You're not logged in!

Compare scores with friends on all Sporcle quizzes.
Join for Free
OR
Log In

You Might Also Like...

Show Comments

Extras

Top Quizzes Today


Score Distribution

Your Account Isn't Verified!

In order to create a playlist on Sporcle, you need to verify the email address you used during registration. Go to your Sporcle Settings to finish the process.

Report this User

Report this user for behavior that violates our Community Guidelines.

Details: